000 01068nam0a22003131 4500
001 RU\INGAK2\INFOCOMM_322\NLR\5000175458
005 20250625202942.0
035 _a(NLR Aleph) 011041941
090 _a11157459
_c11157459
100 _a20130213d1982 |||y0rusy50 ca
101 0 _aswe
102 _aRU
105 _ay z||||
200 1 _aUtbildningen
_f[Soja Malkova]
210 _aM.
_cPresstjänsten "Novostis" förl.
_d1982
215 _a39 с., 20 л. ил., цв. ил.
_cдиагр., ил., цв. ил.
_d19 см
225 1 _aSovjetunionen idag och imorgon
300 _aВ вып. дан.: Образование / Зоя Алексеевна Малькова
300 _aАвт. указан на 2-й с.
517 1 _aСССР
_eОбразование
_zrus
620 _aМосква
686 _aЧ34(2)7
_2rubbk
700 1 _9z01790
_aMal'kova
_bZ. A.
_f1921-
_gZoja Alekseevna
790 1 _9z01700
_aMalkova
_bS.
_gSoja
_4070
801 1 _aRU
_bInfoComm
_c20130213
801 0 _aRU
_bNLR
_gPSBO
852 _aNLR
_jПр11 Д-4/79
942 _cBOOK
980 _aNB